000 nam a22 7a 4500
999 _c7332
_d7332
008 170814b xxu||||| |||| 00| 0 eng d
100 _93870
_aMITTAL.R.S
245 _aNEW COURSE SCIENCE PHYSICS X
260 _aARYA BOOK BEPOT
_bNEW DELHI
_c2007